<?xml version="1.0" encoding="UTF-8"?>
<record
    xmlns:xsi="http://www.w3.org/2001/XMLSchema-instance"
    xsi:schemaLocation="http://www.loc.gov/MARC21/slim http://www.loc.gov/standards/marcxml/schema/MARC21slim.xsd"
    xmlns="http://www.loc.gov/MARC21/slim">

  <leader>01840nam a22002537a 4500</leader>
  <controlfield tag="003">DO-SdBNP</controlfield>
  <controlfield tag="005">20260424111843.0</controlfield>
  <controlfield tag="007">ta</controlfield>
  <controlfield tag="008">201021b           2010 dr 00| 0 eng d</controlfield>
  <datafield tag="040" ind1=" " ind2=" ">
    <subfield code="a">DO-SdBNP</subfield>
    <subfield code="b">spa</subfield>
    <subfield code="c">BNPHU</subfield>
  </datafield>
  <datafield tag="082" ind1=" " ind2="4">
    <subfield code="a">347.7293077</subfield>
    <subfield code="b">R426Pp, 2005-2009</subfield>
    <subfield code="2">22</subfield>
  </datafield>
  <datafield tag="110" ind1="1" ind2=" ">
    <subfield code="a">Rep&#xFA;blica Dominicana. </subfield>
    <subfield code="9">7906</subfield>
    <subfield code="b">Suprema Corte de Justicia.</subfield>
  </datafield>
  <datafield tag="245" ind1="1" ind2="0">
    <subfield code="a">Las principales decisiones de las c&#xE1;maras reunidas de la Suprema Corte de Justicia en materia penal :</subfield>
    <subfield code="b">durante la vigencia del c&#xF3;digo procesal penal 2005-2009.</subfield>
  </datafield>
  <datafield tag="260" ind1=" " ind2=" ">
    <subfield code="a">Santo Domingo :</subfield>
    <subfield code="b">Suprema Corte de Justicia,</subfield>
    <subfield code="c">2010.</subfield>
  </datafield>
  <datafield tag="300" ind1=" " ind2=" ">
    <subfield code="a">xi, 592 p. ;</subfield>
    <subfield code="c">22 cm. </subfield>
  </datafield>
  <datafield tag="505" ind1=" " ind2=" ">
    <subfield code="a">Presentaci&#xF3;n -- XI</subfield>
    <subfield code="t">Accidente de tr&#xE1;nsito -- 1</subfield>
    <subfield code="t">Acci&#xF3;n civil -- 12</subfield>
    <subfield code="t">Calidad para demandar -- 27</subfield>
    <subfield code="t"> Casaci&#xF3;n -- 34</subfield>
    <subfield code="t">Coautor&#xED;a -- 196</subfield>
    <subfield code="t">Comitencia -- 220</subfield>
    <subfield code="t">Da&#xF1;os morales -- 221</subfield>
    <subfield code="t">Da&#xF1;os y perjuicios -- 228</subfield>
    <subfield code="t"> Derecho de defensa -- 236</subfield>
    <subfield code="t">Desistimiento -- 244</subfield>
    <subfield code="t">Falta civil -- 253</subfield>
    <subfield code="t">Filiaci&#xF3;n -- 270</subfield>
    <subfield code="t">Incomparecencia -- 277</subfield>
    <subfield code="t">Indemnizaci&#xF3;n -- 284</subfield>
    <subfield code="t"> Inmunidad forense -- 293</subfield>
    <subfield code="t"> Inter&#xE9;s legal -- 302</subfield>
    <subfield code="t">Licencias y permisos otorgados por la Administraci&#xF3;n P&#xFA;blica -- 313</subfield>
    <subfield code="t">Lucro cesante -- 332</subfield>
    <subfield code="t">M&#xE9;dicos -- 333</subfield>
    <subfield code="t">Nulidad -- 365</subfield>
    <subfield code="t">Presunci&#xF3;n de comitencia -- 375</subfield>
    <subfield code="t"> Principio de irretroactividad de la ley -- 385</subfield>
    <subfield code="t"> Procesos penales -- 393</subfield>
    <subfield code="t">Querella -- 401</subfield>
    <subfield code="t">Recurso de Revisi&#xF3;n -- 411</subfield>
    <subfield code="t">Responsabilidad civil --428</subfield>
    <subfield code="t">Retroexcavadora -- 460</subfield>
    <subfield code="t">Seguro de veh&#xED;culo -- 475</subfield>
    <subfield code="t"> Sentencia penal -- 504
</subfield>
    <subfield code="t">Sentencia -- 515
</subfield>
    <subfield code="t">Sentencias -- 575
</subfield>
    <subfield code="t">&#xCD;ndice Cronol&#xF3;gico -- 585</subfield>
  </datafield>
  <datafield tag="590" ind1=" " ind2=" ">
    <subfield code="a">Inventariado, 2022/MFF</subfield>
  </datafield>
  <datafield tag="650" ind1=" " ind2="0">
    <subfield code="a">Administraci&#xF3;n de  justicia </subfield>
    <subfield code="z">Rep&#xFA;blica Dominicana</subfield>
    <subfield code="9">10083</subfield>
  </datafield>
  <datafield tag="650" ind1=" " ind2="4">
    <subfield code="a">Sentencias</subfield>
    <subfield code="z">Rep&#xFA;blica Dominicana</subfield>
    <subfield code="9">19124</subfield>
  </datafield>
  <datafield tag="650" ind1=" " ind2="0">
    <subfield code="a">Cosa juzgada</subfield>
    <subfield code="9">82104</subfield>
  </datafield>
  <datafield tag="650" ind1=" " ind2="0">
    <subfield code="a">Jurisprudencia, </subfield>
    <subfield code="x">Recopilaciones, repertorios, etc.  </subfield>
    <subfield code="9">24052</subfield>
  </datafield>
  <datafield tag="910" ind1=" " ind2=" ">
    <subfield code="a">Validado, Control de calidad MFF</subfield>
  </datafield>
  <datafield tag="942" ind1=" " ind2=" ">
    <subfield code="2">ddc</subfield>
    <subfield code="c">LBS1</subfield>
  </datafield>
  <datafield tag="952" ind1=" " ind2=" ">
    <subfield code="0">0</subfield>
    <subfield code="1">0</subfield>
    <subfield code="2">ddc</subfield>
    <subfield code="5">1</subfield>
    <subfield code="7">0</subfield>
    <subfield code="8">PD</subfield>
    <subfield code="a">BNPHU</subfield>
    <subfield code="b">BNPHU</subfield>
    <subfield code="c">HD</subfield>
    <subfield code="d">2020-10-21</subfield>
    <subfield code="e">Donaci&#xF3;n Graciela  Geraldo</subfield>
    <subfield code="o">BNPHU PD 347.7293077 R426p 2005-2009 </subfield>
    <subfield code="p">2022-3581</subfield>
    <subfield code="r">2020-10-21</subfield>
    <subfield code="w">2020-10-21</subfield>
    <subfield code="y">LBS1</subfield>
  </datafield>
  <datafield tag="952" ind1=" " ind2=" ">
    <subfield code="0">0</subfield>
    <subfield code="1">0</subfield>
    <subfield code="2">ddc</subfield>
    <subfield code="5">1</subfield>
    <subfield code="7">0</subfield>
    <subfield code="8">PD</subfield>
    <subfield code="a">BNPHU</subfield>
    <subfield code="b">BNPHU</subfield>
    <subfield code="c">HD</subfield>
    <subfield code="d">2022-07-28</subfield>
    <subfield code="e">Dep&#xF3;sito Legal</subfield>
    <subfield code="o">BNPHU PD 347.7293077 R426p 2005-2009 </subfield>
    <subfield code="p">2022-3582</subfield>
    <subfield code="r">2022-07-28</subfield>
    <subfield code="t">e.2</subfield>
    <subfield code="w">2022-07-28</subfield>
    <subfield code="y">LBS1</subfield>
  </datafield>
  <datafield tag="999" ind1=" " ind2=" ">
    <subfield code="c">48940</subfield>
    <subfield code="d">48940</subfield>
  </datafield>
</record>
